000
00336nam a22001457a 4500
008
230616b ||||| |||| 00| 0 eng d
020
_a
9780321848901
041
_a
eng
080
_2
THIRTEENTH EDITION
_a
51
082
_a
51GOL
100
_a
23
101
_a
MATE
245
_a
CALCULUS ITS APPLICATIONS
_c
GOLDSTEIN
942
_2
udc
_c
BK
999
_c
59997
_d
59997